01012cam a2200253 a 450000100100000000500170001000800410002702000150006804000290008305000240011208200150013624500960015126000410024730000280028849000260031665000520034270000380039483000330043291000340046504900090049995201190050895201140062799900170074100001808520200929165340.0980427s1997 bh a 000 0 eng d z0968161000 aDO-SdBNPbengcLCdBNPHU00aPR9280.6b.O39 1997 ann*bÓ3100aOf words :ban anthology of belizean poetry /cselección y edición Michael D. Phillips. aBelize :bCubola Productions,c1997. a104 p. :bil. ;c22 cm.1 aBelizean Writers ;v3 0aBelizean poetry (english)y20th century.9392001 aPhillips, Michael D.,eed.939201 0aBelizean Writers ;v3939202 aCatalogación por copia / LC aBNGR 001052708MOaGRbGRcCTd2010-04-14iLF1l0onn* Ó31p18085-10r2020-06-25w2020-06-25y2ZPréstamo interno 0010507-18MOaPDbPDcOId2017-06-05iLF1l0onn* Ó31p18085-20r2020-06-25w2020-06-25y1ZNo se presta c17607d17607